Cargando...

Marketing management: Text and cases

Detalles Bibliográficos
Autor Principal: Rajagopal
Formato: Printed Book
Publicado: Vikas Publishing House: New Delhi 2000
Subjects:
LEADER 00568nam a2200193 4500
020 |a 8125907734  |c 165 
082 |a S 658.8 RAJ 
100 |a Rajagopal 
245 |a Marketing management: Text and cases  |c Rajagopal 
250
260 |a Vikas Publishing House: New Delhi  |c 2000 
300 |a 303 p 
490
500
590 |a Prabhus Books  |b 68/04;08/07/04 
650 |a Marketing management 
942 |c BK 
999 |c 138179  |d 138179 
952 |0 0  |1 0  |4 0  |6 S_658_800000000000000_RAJ  |7 0  |9 151639  |a IMK  |b IMK  |g 165.00  |l 0  |o S 658.8 RAJ  |p IMK05185  |r 2019-10-25  |w 2019-10-25  |y BK